000 01028nam a22002537a 4500
005 20170124102958.0
010 _aA-984724
020 _c150.00
035 _aA-984724
037 _bCen Lib/Ret
040 _aDPL
_bHN
082 _a
_bसुदर्श
100 _aसुदर्शन
_953805
245 _aसुदर्शन-सुमन :
_cसुदर्शन
_bउत्कृष्ट मौलिक कहानियां /
246 _aSudarshan-suman : utkrisht maulik kahaniyan /
_bby Sudarshan
260 _aनयी दिल्ली
_bआर्य बुक डिपो
_c1999
270 _a30, नयीवाला, करोल बाग
_bनयी दिल्ली
_e110005
300 _a174पृ.
_c21सेमी (सजिल्द)
650 _aहिन्दी साहित्य
_953806
650 _aकहानी संग्रह
_953807
650 _aHindi literature
_953808
650 _aStories
_97500
942 _2ddc
_cHN
_h
_mसुदर्श
999 _c113777
_d113777